[Event "Aktobe Dvorkovich op-A"]
[Site "Aktobe"]
[Date "2025.06.27"]
[Round "6"]
[White "Suleimen, Ergali"]
[Black "Lee, Jun Hyeok"]
[Result "0-1"]
[WhiteElo "2302"]
[BlackElo "2434"]
[PlyCount "88"]
[EventDate "2025.06.22"]
[EventType "swiss"]
[EventRounds "9"]
[EventCountry "KAZ"]
[SourceTitle "CB27_2025"]
[SourceDate "2025.07.02"]
[SourceVersion "1"]
[SourceVersionDate "2025.07.02"]
[SourceQuality "1"]

1. e4 c5 2. Nf3 d6 3. d4 cxd4 4. Nxd4 Nf6 5. Nc3 a6 6. Nb3 Nbd7 7. Be3 b5 8. a4 b4 9. Nd5 e6 10. Nxf6+ Nxf6 11. Bd3 Be7 12. a5 0-0 13. Qe2 Bb7 14. 0-0 Qc8 15. f3 Nd7 16. f4 Re8 17. Bd2 d5 18. e5 Nc5 19. Nxc5 Bxc5+ 20. Kh1 d4 21. h4 Bd5 22. b3 Qb7 23. h5 f5 24. Rae1 g6 25. Kg1 gxh5 26. Qxh5 Re7 27. g3 Rg7 28. Kf2 Kh8 29. Rg1 Rag8 30. Qh4 Be7 31. Qh5 Rg6 32. Ref1 Be4 33. Ke2 Rxg3 34. Rxg3 Rxg3 35. Qe8+ Rg8 36. Qf7 Bxd3+ 37. cxd3 Rg2+ 38. Kd1 Rxd2+ 39. Kxd2 Qg2+ 40. Ke1 Bh4+ 41. Kd1 Qxf1+ 42. Kc2 Qe2+ 43. Kb1 Qxd3+ 44. Kb2 Qc3+ 0-1

[Event "Aktobe Dvorkovich op-A"]
[Site "Aktobe"]
[Date "2025.06.25"]
[Round "4"]
[White "Naiditsch, Arkadij"]
[Black "Lee, Jun Hyeok"]
[Result "1/2-1/2"]
[WhiteElo "2629"]
[BlackElo "2434"]
[PlyCount "67"]
[EventDate "2025.06.22"]
[EventType "swiss"]
[EventRounds "9"]
[EventCountry "KAZ"]
[SourceTitle "CB27_2025"]
[SourceDate "2025.07.02"]
[SourceVersion "1"]
[SourceVersionDate "2025.07.02"]
[SourceQuality "1"]

1. e4 c5 2. Nf3 d6 3. d4 cxd4 4. Nxd4 Nf6 5. Nc3 a6 6. g3 e5 7. Nb3 Be7 8. Bg2 0-0 9. 0-0 b5 10. Nd5 Nxd5 11. Qxd5 Ra7 12. Be3 Be6 13. Qd2 Ra8 14. Na5 Qc7 15. f4 Nc6 16. f5 Nxa5 17. fxe6 Nc4 18. exf7+ Kh8 19. Qe2 Nxe3 20. Qxe3 Bf6 21. g4 Qe7 22. Qb3 Bg5 23. a4 bxa4 24. Rxa4 Bf4 25. Rfa1 g6 26. h3 Rab8 27. Qa3 Rbc8 28. Rxa6 Rxc2 29. Ra8 Qxf7 30. Kh1 Rxa8 31. Qxa8+ Kg7 32. b4 Be3 33. Rf1 Rf2 34. Qa1 1/2-1/2

[Event "Bandung GM"]
[Site "Bandung"]
[Date "2025.02.22"]
[Round "9"]
[White "Lee, Jun Hyeok"]
[Black "Kuybokarov, Temur"]
[Result "1/2-1/2"]
[WhiteElo "2426"]
[BlackElo "2550"]
[PlyCount "48"]
[EventDate "2025.02.16"]
[EventType "tourn"]
[EventRounds "11"]
[EventCountry "INA"]
[EventCategory "9"]
[SourceTitle "CB10_2025"]
[SourceDate "2025.03.05"]
[SourceVersion "1"]
[SourceVersionDate "2025.03.05"]
[SourceQuality "1"]

1. e4 e5 2. Nf3 Nc6 3. Bc4 Bc5 4. c3 Nf6 5. d3 d6 6. Bg5 h6 7. Bh4 a5 8. Nbd2 Ba7 9. 0-0 Bd7 10. Rc1 Qe7 11. d4 exd4 12. cxd4 Nxd4 13. e5 dxe5 14. Nxe5 Be6 15. Bxe6 Nxe6 16. Qa4+ Kf8 17. Bxf6 gxf6 18. Nd7+ Kg7 19. Qg4+ Kh7 20. Ne4 Bd4 21. Qf5+ Kg7 22. Qg4+ Kh7 23. Qf5+ Kg7 24. Qg4+ Kh7 1/2-1/2

[Event "Bandung GM"]
[Site "Bandung"]
[Date "2025.02.18"]
[Round "4"]
[White "Ganerdene, Sugar"]
[Black "Lee, Jun Hyeok"]
[Result "1/2-1/2"]
[WhiteElo "2439"]
[BlackElo "2426"]
[PlyCount "55"]
[EventDate "2025.02.16"]
[EventType "tourn"]
[EventRounds "11"]
[EventCountry "INA"]
[EventCategory "9"]
[SourceTitle "CB10_2025"]
[SourceDate "2025.03.05"]
[SourceVersion "1"]
[SourceVersionDate "2025.03.05"]
[SourceQuality "1"]

1. e4 c5 2. Nf3 d6 3. d4 cxd4 4. Nxd4 Nf6 5. Nc3 a6 6. Be3 e5 7. Nb3 Be7 8. f3 Be6 9. Qd2 h5 10. Be2 Nbd7 11. Nd5 Nxd5 12. exd5 Bf5 13. 0-0 0-0 14. Na5 Qc8 15. c3 Bg6 16. Rac1 f5 17. c4 f4 18. Bf2 e4 19. fxe4 Nf6 20. Bf3 Nxe4 21. Bxe4 Bxe4 22. Rce1 Bxg2 23. Kxg2 Qg4+ 24. Kh1 Qf3+ 25. Kg1 Qg4+ 26. Kh1 Qf3+ 27. Kg1 Qg4+ 28. Kh1 1/2-1/2

[Event "Bandung GM"]
[Site "Bandung"]
[Date "2025.02.16"]
[Round "1"]
[White "Setyaki, Azarya Jodi"]
[Black "Lee, Jun Hyeok"]
[Result "0-1"]
[WhiteElo "2411"]
[BlackElo "2426"]
[PlyCount "62"]
[EventDate "2025.02.16"]
[EventType "tourn"]
[EventRounds "11"]
[EventCountry "INA"]
[EventCategory "9"]
[SourceTitle "CB10_2025"]
[SourceDate "2025.03.05"]
[SourceVersion "1"]
[SourceVersionDate "2025.03.05"]
[SourceQuality "1"]

1. e4 c5 2. Nf3 d6 3. d4 cxd4 4. Nxd4 Nf6 5. Nc3 a6 6. h4 e5 7. Nb3 Be7 8. Bg5 Be6 9. Bxf6 Bxf6 10. g3 0-0 11. Qd2 Be7 12. 0-0-0 Nd7 13. f4 Nf6 14. f5 Bd7 15. Qg2 h5 16. Be2 Qb6 17. Rd3 a5 18. g4 hxg4 19. Bxg4 d5 20. exd5 e4 21. Nxe4 Nxe4 22. Qxe4 Bf6 23. h5 Rfe8 24. Qf4 Be5 25. Qd2 Bb5 26. h6 Bxd3 27. Qxd3 a4 28. f6 Bxf6 29. hxg7 Bxg7 30. Be6 axb3 31. cxb3 Qf2 0-1

[Event "Hanoi GM2"]
[Site "Hanoi"]
[Date "2025.01.13"]
[Round "6"]
[White "Mohammad Fahad, Rahman"]
[Black "Lee, Jun Hyeok"]
[Result "1/2-1/2"]
[WhiteElo "2430"]
[BlackElo "2438"]
[PlyCount "113"]
[EventDate "2025.01.10"]
[EventType "tourn"]
[EventRounds "9"]
[EventCountry "VIE"]
[EventCategory "6"]
[SourceTitle "CB04_2025"]
[SourceDate "2025.01.22"]
[SourceVersion "1"]
[SourceVersionDate "2025.01.22"]
[SourceQuality "1"]

1. d4 Nf6 2. c4 g6 3. Nf3 Bg7 4. g3 0-0 5. Bg2 d6 6. Nc3 Nbd7 7. 0-0 e5 8. e4 Re8 9. Re1 exd4 10. Nxd4 c6 11. h3 Qb6 12. Nc2 Nc5 13. b4 Ncd7 14. Be3 Qc7 15. Nd4 a6 16. Nb3 Ne5 17. c5 dxc5 18. Nxc5 Nfd7 19. Qc2 a5 20. Nxd7 Nxd7 21. a3 axb4 22. axb4 Rxa1 23. Rxa1 Nf8 24. Rd1 Ne6 25. Na4 Rd8 26. Rd2 Rxd2 27. Qxd2 Bd7 28. Nb6 Be8 29. f4 Bf6 30. e5 Be7 31. Be4 f6 32. exf6 Bxf6 33. Nc4 Be7 34. Kh2 Qd8 35. Qb2 Bf6 36. Qa2 Bf7 37. Bb6 Qe7 38. Qa5 Bc3 39. Ne5 Bxb4 40. Qa8+ Kg7 41. Bg2 Bc3 42. Nf3 Bf6 43. Qa7 Qd7 44. h4 Nf8 45. Bc5 Bd5 46. Bh3 Qc7 47. Qa8 Be7 48. Bd4+ Kg8 49. Ne5 Qd8 50. Qa7 Be6 51. Qxb7 Qxd4 52. Bxe6+ Nxe6 53. Qxe7 Qf2+ 54. Kh3 Qf1+ 55. Kh2 Qf2+ 56. Kh3 Qf1+ 57. Kh2 1/2-1/2

[Event "Hanoi GM2"]
[Site "Hanoi"]
[Date "2025.01.12"]
[Round "4"]
[White "Gomez, John Paul"]
[Black "Lee, Jun Hyeok"]
[Result "1-0"]
[WhiteElo "2405"]
[BlackElo "2438"]
[PlyCount "77"]
[EventDate "2025.01.10"]
[EventType "tourn"]
[EventRounds "9"]
[EventCountry "VIE"]
[EventCategory "6"]
[SourceTitle "CB04_2025"]
[SourceDate "2025.01.22"]
[SourceVersion "1"]
[SourceVersionDate "2025.01.22"]
[SourceQuality "1"]

1. d4 Nf6 2. c4 g6 3. Nc3 Bg7 4. e4 d6 5. f3 0-0 6. Nge2 a6 7. Be3 b5 8. Qd2 Nbd7 9. Ng3 c6 10. 0-0-0 Qa5 11. Kb1 b4 12. Nce2 h5 13. Nc1 Re8 14. Bh6 Bh8 15. h3 e5 16. d5 cxd5 17. cxd5 Qb6 18. Be3 Qb8 19. Bd3 Nc5 20. Bxc5 dxc5 21. Nf1 Bd7 22. Ne3 Bg7 23. Nc4 Bb5 24. g4 Qd8 25. g5 Bxc4 26. Bxc4 Nd7 27. Nb3 Nb6 28. Rc1 Bf8 29. h4 Nc8 30. Be2 Qb6 31. Qd3 Bd6 32. Rc2 Re7 33. Rhc1 Rc7 34. Nd2 Qa7 35. Nc4 a5 36. f4 Re7 37. f5 Rc7 38. Rf1 gxf5 39. Rxf5 1-0

[Event "Hanoi GM2"]
[Site "Hanoi"]
[Date "2025.01.11"]
[Round "3"]
[White "Lee, Jun Hyeok"]
[Black "Dau, Khuong Duy"]
[Result "1/2-1/2"]
[WhiteElo "2438"]
[BlackElo "2410"]
[PlyCount "44"]
[EventDate "2025.01.10"]
[EventType "tourn"]
[EventRounds "9"]
[EventCountry "VIE"]
[EventCategory "6"]
[SourceTitle "CB04_2025"]
[SourceDate "2025.01.22"]
[SourceVersion "1"]
[SourceVersionDate "2025.01.22"]
[SourceQuality "1"]

1. d4 Nf6 2. Nf3 g6 3. Nbd2 d5 4. b3 Bg7 5. Bb2 0-0 6. e3 a5 7. a3 Na6 8. Be2 Bf5 9. 0-0 Ne4 10. c4 c6 11. Qc1 Nxd2 12. Qxd2 dxc4 13. bxc4 Nc5 14. Rad1 Qb6 15. Nh4 Nb3 16. Qc3 Be6 17. Qc2 a4 18. Bc3 Bf6 19. Nf3 Rfd8 20. h3 Qa6 21. Bb4 c5 22. dxc5 Rac8 1/2-1/2

[Event "Hanoi GM2"]
[Site "Hanoi"]
[Date "2025.01.10"]
[Round "2"]
[White "Nguyen, Van Huy"]
[Black "Lee, Jun Hyeok"]
[Result "1/2-1/2"]
[WhiteElo "2372"]
[BlackElo "2438"]
[PlyCount "40"]
[EventDate "2025.01.10"]
[EventType "tourn"]
[EventRounds "9"]
[EventCountry "VIE"]
[EventCategory "6"]
[SourceTitle "CB04_2025"]
[SourceDate "2025.01.22"]
[SourceVersion "1"]
[SourceVersionDate "2025.01.22"]
[SourceQuality "1"]

1. d4 d5 2. Nf3 Nf6 3. c4 e6 4. g3 Be7 5. Bg2 0-0 6. 0-0 c6 7. Qc2 b6 8. Rd1 Bb7 9. b3 h6 10. Nc3 Nbd7 11. e4 dxe4 12. Nxe4 c5 13. Nxf6+ Bxf6 14. Bb2 cxd4 15. Bxd4 Qc7 16. Bxf6 Nxf6 17. Ne1 Rfd8 18. Bxb7 Qxb7 19. Rxd8+ Rxd8 20. Rd1 Rd7 1/2-1/2

[Event "Hanoi GM1"]
[Site "Hanoi"]
[Date "2025.01.06"]
[Round "5"]
[White "Lee, Jun Hyeok"]
[Black "Jani Kushal, R."]
[Result "1-0"]
[WhiteElo "2438"]
[BlackElo "2319"]
[PlyCount "71"]
[EventDate "2025.01.03"]
[EventType "tourn"]
[EventRounds "9"]
[EventCountry "VIE"]
[EventCategory "6"]
[SourceTitle "CB04_2025"]
[SourceDate "2025.01.22"]
[SourceVersion "1"]
[SourceVersionDate "2025.01.22"]
[SourceQuality "1"]

1. e4 e5 2. Nf3 Nc6 3. Bb5 a6 4. Ba4 Nf6 5. 0-0 d6 6. c4 Bg4 7. d3 Nd7 8. Be3 g6 9. h3 Bxf3 10. Qxf3 Bg7 11. Bxc6 bxc6 12. Nc3 Nf8 13. b4 Ne6 14. a4 0-0 15. b5 Nd4 16. Qd1 f5 17. f3 c5 18. Bxd4 exd4 19. Nd5 f4 20. a5 Be5 21. b6 cxb6 22. axb6 Qd7 23. Qa4 Qf7 24. Rfb1 Rab8 25. Qxa6 Rb7 26. Qb5 g5 27. Qc6 Rfb8 28. Ra6 h5 29. Rba1 g4 30. Ra7 gxf3 31. Rxb7 Rxb7 32. Ra8+ Kh7 33. Qxb7 Qxb7 34. Ra7 f2+ 35. Kxf2 Qxa7 36. bxa7 1-0

[Event "Budapest One Week GM-A 12"]
[Site "Budapest"]
[Date "2024.12.20"]
[Round "9"]
[White "Lee, Jun Hyeok"]
[Black "Paszewski, Mateusz"]
[Result "1/2-1/2"]
[WhiteElo "2426"]
[BlackElo "2344"]
[PlyCount "57"]
[EventDate "2024.12.16"]
[EventType "tourn"]
[EventRounds "9"]
[EventCountry "HUN"]
[EventCategory "6"]
[SourceTitle "CB52_2024"]
[SourceDate "2024.12.25"]
[SourceVersion "1"]
[SourceVersionDate "2024.12.25"]
[SourceQuality "1"]

1. e4 c6 2. d4 d5 3. Nd2 dxe4 4. Nxe4 Nf6 5. Nxf6+ exf6 6. Be3 Bd6 7. Bd3 Na6 8. a3 0-0 9. Ne2 Re8 10. 0-0 Nc7 11. c4 g6 12. Qd2 f5 13. Rad1 Be6 14. Rfe1 f6 15. Nc3 Qd7 16. Bf1 Bf7 17. f3 Kg7 18. Bh6+ Kg8 19. Rxe8+ Rxe8 20. Be3 a6 21. a4 h5 22. Bf2 Kg7 23. f4 Rd8 24. h4 Bb4 25. Qc2 Ne6 26. g3 Bxc3 27. Qxc3 Nc5 28. Qc2 Ne4 29. Bg2 1/2-1/2

[Event "Budapest One Week GM-A 12"]
[Site "Budapest"]
[Date "2024.12.16"]
[Round "2"]
[White "Lu, Miaoyi"]
[Black "Lee, Jun Hyeok"]
[Result "0-1"]
[WhiteElo "2441"]
[BlackElo "2426"]
[PlyCount "68"]
[EventDate "2024.12.16"]
[EventType "tourn"]
[EventRounds "9"]
[EventCountry "HUN"]
[EventCategory "6"]
[SourceTitle "CB52_2024"]
[SourceDate "2024.12.25"]
[SourceVersion "1"]
[SourceVersionDate "2024.12.25"]
[SourceQuality "1"]

1. Nf3 Nf6 2. c4 g6 3. Nc3 Bg7 4. d4 d6 5. e4 0-0 6. Be2 e5 7. d5 Na6 8. Nd2 Nd7 9. h4 f5 10. h5 gxh5 11. exf5 Ndc5 12. f6 Qxf6 13. Nce4 Qg6 14. Ng3 Nb4 15. 0-0 h4 16. Bh5 Qc2 17. Ne2 Bf5 18. a3 Qxd1 19. Rxd1 Nbd3 20. f3 Nxc1 21. Nxc1 Bh6 22. Nf1 a5 23. Bg4 Bxg4 24. fxg4 Rf4 25. Nd3 Rxc4 26. Nxc5 Rxc5 27. Rd3 Rc2 28. Rb1 Rf8 29. Rc3 Re2 30. Rf3 Rxf3 31. gxf3 h3 32. b4 a4 33. b5 Bf4 34. Rb4 h2+ 0-1

[Event "Budapest FS12 GM"]
[Site "Budapest"]
[Date "2024.12.14"]
[Round "9"]
[White "Sai, Krishna GV"]
[Black "Lee, Jun Hyeok"]
[Result "0-1"]
[WhiteElo "2409"]
[BlackElo "2426"]
[PlyCount "42"]
[EventDate "2024.12.07"]
[EventType "tourn"]
[EventRounds "9"]
[EventCountry "HUN"]
[EventCategory "6"]
[SourceTitle "CB51_2024"]
[SourceDate "2024.12.18"]
[SourceVersion "1"]
[SourceVersionDate "2024.12.18"]
[SourceQuality "1"]

1. e4 c5 2. Nf3 Nc6 3. d4 cxd4 4. Nxd4 g6 5. Nc3 Bg7 6. Be3 Nf6 7. Bc4 0-0 8. Bb3 Qc7 9. f3 a6 10. Qd2 b5 11. 0-0-0 Na5 12. g4 Bb7 13. h4 b4 14. Na4 e5 15. Ne2 Nxb3+ 16. axb3 d5 17. g5 Nxe4 18. fxe4 d4 19. Bg1 Bxe4 20. Rh2 f5 21. gxf6 Bh6 0-1

[Event "Budapest FS12 GM"]
[Site "Budapest"]
[Date "2024.12.12"]
[Round "6"]
[White "Ravi, Teja Sanka"]
[Black "Lee, Jun Hyeok"]
[Result "1/2-1/2"]
[WhiteElo "2404"]
[BlackElo "2426"]
[PlyCount "59"]
[EventDate "2024.12.07"]
[EventType "tourn"]
[EventRounds "9"]
[EventCountry "HUN"]
[EventCategory "6"]
[SourceTitle "CB51_2024"]
[SourceDate "2024.12.18"]
[SourceVersion "1"]
[SourceVersionDate "2024.12.18"]
[SourceQuality "1"]

1. Nf3 Nf6 2. c4 g6 3. Nc3 Bg7 4. d4 d6 5. e4 0-0 6. Be2 e5 7. dxe5 dxe5 8. Qxd8 Rxd8 9. Bg5 Nbd7 10. 0-0-0 Rf8 11. Nd5 c6 12. Ne7+ Kh8 13. Nxc8 Rfxc8 14. Bxf6 Nxf6 15. Nxe5 Nxe4 16. Nxf7+ Kg8 17. Nd6 Nxf2 18. Nxc8 Rxc8 19. Rhf1 Nxd1 20. Rxd1 Be5 21. Rd7 Rc7 22. Rxc7 Bxc7 23. h3 Kf7 24. Bg4 c5 25. Bf3 b6 26. b3 Kf6 27. Kd2 Ke5 28. Ke3 h6 29. Be4 g5 30. Bd5 1/2-1/2

[Event "Budapest Farago Memorial"]
[Site "Budapest"]
[Date "2024.11.30"]
[Round "2"]
[White "Peng, Hongchi"]
[Black "Lee, Jun Hyeok"]
[Result "0-1"]
[WhiteElo "2387"]
[BlackElo "2426"]
[PlyCount "62"]
[EventDate "2024.11.29"]
[EventType "tourn"]
[EventRounds "9"]
[EventCountry "HUN"]
[EventCategory "6"]
[SourceTitle "CB50_2024"]
[SourceDate "2024.11.01"]
[SourceVersion "1"]
[SourceVersionDate "2024.11.01"]
[SourceQuality "2"]

1. e4 c5 2. Nf3 d6 3. d4 cxd4 4. Nxd4 Nf6 5. Nc3 a6 6. Bg5 Nbd7 7. Qe2 g6 8. f4 Bg7 9. 0-0-0 0-0 10. e5 dxe5 11. fxe5 Qa5 12. Nf3 Ng4 13. Rd5 b5 14. h3 Nh6 15. Bxe7 Re8 16. e6 fxe6 17. Qxe6+ Nf7 18. Rxd7 Bxd7 19. Qxd7 Bxc3 20. bxc3 Rad8 21. Bxd8 Qa3+ 22. Kb1 Rxd8 23. Bxb5 Rxd7 24. Bxd7 Nd6 25. Re1 Kg7 26. Nd2 Qxc3 27. Re2 Qb4+ 28. Kc1 Qd4 29. a4 Qa1+ 30. Nb1 Nc4 31. Re7+ Kh6 0-1

[Event "Budapest SixDays 09 GM-A"]
[Site "Budapest"]
[Date "2024.09.29"]
[Round "9"]
[White "Lee, Jun Hyeok"]
[Black "Mamatov, Melis"]
[Result "1-0"]
[WhiteElo "2364"]
[BlackElo "2362"]
[PlyCount "71"]
[EventDate "2024.09.24"]
[EventType "tourn"]
[EventRounds "9"]
[EventCountry "HUN"]
[EventCategory "6"]
[SourceTitle "EXT 2025"]
[Source "ChessBase"]
[SourceDate "2024.10.14"]
[SourceVersion "1"]
[SourceVersionDate "2024.10.14"]
[SourceQuality "1"]

1. e4 e5 2. Nf3 Nc6 3. Bb5 a6 4. Ba4 Nf6 5. 0-0 b5 6. Bb3 Bc5 7. a4 Rb8 8. c3 d6 9. d4 Bb6 10. a5 Ba7 11. Be3 Bg4 12. Nbd2 exd4 13. cxd4 Nxd4 14. Bxd4 Bxd4 15. Bxf7+ Kxf7 16. Qb3+ Ke7 17. Nxd4 Qd7 18. N2f3 c5 19. e5 cxd4 20. exf6+ Kxf6 21. Nxd4 Rhe8 22. h3 Bh5 23. Qd3 Kf7 24. Rac1 Kg8 25. Qf5 Qxf5 26. Nxf5 Re5 27. Nxd6 Rd8 28. Nb7 Rd2 29. b4 Rd4 30. Nc5 h6 31. Nxa6 Re6 32. Nc7 Rg6 33. Kh2 Rxb4 34. a6 Ra4 35. Ra1 Be2 36. Rfe1 1-0

[Event "Budapest SixDays 09 GM-A"]
[Site "Budapest"]
[Date "2024.09.26"]
[Round "5"]
[White "Lee, Jun Hyeok"]
[Black "Wachinger, Nikolas"]
[Result "1/2-1/2"]
[WhiteElo "2364"]
[BlackElo "2442"]
[PlyCount "160"]
[EventDate "2024.09.24"]
[EventType "tourn"]
[EventRounds "9"]
[EventCountry "HUN"]
[EventCategory "6"]
[SourceTitle "EXT 2025"]
[Source "ChessBase"]
[SourceDate "2024.10.14"]
[SourceVersion "1"]
[SourceVersionDate "2024.10.14"]
[SourceQuality "1"]

1. e4 c5 2. Nf3 d6 3. d4 cxd4 4. Nxd4 Nf6 5. Nc3 a6 6. f3 e5 7. Nb3 Be6 8. Be3 h5 9. Qd2 Nbd7 10. 0-0-0 Be7 11. Nd5 Nxd5 12. exd5 Bf5 13. Kb1 Rc8 14. Rc1 0-0 15. Rg1 Nf6 16. Be2 b5 17. Ka1 Qd7 18. c4 bxc4 19. Bxc4 Rxc4 20. Rxc4 Qb5 21. Rgc1 Nxd5 22. Bg5 f6 23. a4 Qd7 24. Qxd5+ Be6 25. Qc6 Qxc6 26. Rxc6 Bxb3 27. Bd2 Bxa4 28. Rxa6 Bb5 29. Ra7 Kf7 30. f4 g6 31. fxe5 Ke6 32. exd6 Bxd6 33. Re1+ Kf5 34. Ra5 Rb8 35. h3 h4 36. Bc3 Bc7 37. Ra7 Bf4 38. b3 g5 39. Ka2 Bg3 40. Re3 Bf4 41. Rf3 Kg6 42. Rf2 Rc8 43. Kb2 Rc6 44. Ra5 Bd3 45. b4 Bg3 46. Rd2 Bf1 47. Rc5 Re6 48. Kb3 Bf4 49. Rf2 Bd3 50. Bd4 Bd6 51. Rc3 Bb5 52. Re3 Rxe3+ 53. Bxe3 Be5 54. Rd2 Kf5 55. Bd4 Bf4 56. Rf2 Ke6 57. Ra2 f5 58. Kc3 Bf1 59. Rf2 Bb5 60. Bh8 Bg3 61. Rf3 f4 62. Kd2 Bc6 63. Ke2 Bb5+ 64. Kd2 Bc6 65. Bd4 g4 66. hxg4 Bxf3 67. gxf3 h3 68. Bg1 Bf2 69. Bh2 Bg3 70. Bg1 h2 71. Bxh2 Bxh2 72. Kd3 Kd5 73. b5 Bg1 74. g5 Ke5 75. g6 Kf6 76. Ke4 Be3 77. b6 Bxb6 78. Kxf4 Kxg6 79. Ke4 Bc7 80. f4 Bxf4 1/2-1/2

[Event "Olympiad-45"]
[Site "Budapest"]
[Date "2024.09.16"]
[Round "6.45"]
[White "Lee, Jun Hyeok"]
[Black "Kulaots, Kaido"]
[Result "1/2-1/2"]
[WhiteElo "2364"]
[BlackElo "2506"]
[PlyCount "75"]
[EventDate "2024.09.11"]
[EventType "team-swiss"]
[EventRounds "11"]
[EventCountry "HUN"]
[SourceTitle "EXT 2025"]
[Source "ChessBase"]
[SourceDate "2024.10.14"]
[SourceVersion "1"]
[SourceVersionDate "2024.10.14"]
[SourceQuality "1"]
[WhiteTeam "South Korea"]
[BlackTeam "Estonia"]
[WhiteTeamCountry "KOR"]
[BlackTeamCountry "EST"]

1. e4 e5 2. Nf3 Nc6 3. Bb5 Nge7 4. d4 Nxd4 5. Nxd4 exd4 6. Qxd4 Nc6 7. Qe3 Bb4+ 8. Bd2 Bxd2+ 9. Qxd2 0-0 10. Nc3 a6 11. Bxc6 bxc6 12. 0-0-0 Qe7 13. Rhe1 d6 14. Re3 Rb8 15. Qd4 Be6 16. Nd5 cxd5 17. exd5 Qg5 18. dxe6 fxe6 19. h4 Qf4 20. f3 e5 21. Qxf4 Rxf4 22. Rc3 Rb7 23. g3 Rfb4 24. b3 Kf7 25. a3 R4b5 26. Rc6 R5b6 27. Rc4 Ke6 28. f4 Rb5 29. Re1 a5 30. fxe5 Rxe5 31. Rxe5+ Kxe5 32. Kd2 c5 33. Kd3 Kd5 34. Ra4 Rf7 35. Ke2 Ra7 36. Kd3 Rf7 37. Ke2 Ra7 38. Kd3 1/2-1/2

[Event "Titled Tuesday intern op 27th Aug Early"]
[Site "Chess.com INT"]
[Date "2024.08.27"]
[Round "1"]
[White "Carre, Sylvain"]
[Black "Lee, Jun Hyeok"]
[Result "0-1"]
[WhiteElo "2071"]
[BlackElo "2378"]
[PlyCount "182"]
[EventDate "2024.08.27"]
[EventType "swiss (blitz)"]
[EventRounds "11"]
[EventCountry "USA"]
[SourceTitle "EXT 2025"]
[Source "ChessBase"]
[SourceDate "2024.10.14"]
[SourceVersion "1"]
[SourceVersionDate "2024.10.14"]
[SourceQuality "1"]

1. d4 Nf6 2. Bf4 d6 3. e3 Nbd7 4. Nf3 c5 5. c3 Qb6 6. Qb3 g6 7. Nbd2 Bg7 8. h3 0-0 9. Be2 cxd4 10. exd4 Qc7 11. 0-0 b6 12. Rfe1 Bb7 13. Rad1 e5 14. dxe5 dxe5 15. Bh2 Nh5 16. Nc4 Nc5 17. Qc2 Nf4 18. Bxf4 exf4 19. Nd6 Bc6 20. Bb5 Bxf3 21. gxf3 Rad8 22. Ne4 Ne6 23. Bf1 Qe5 24. Rxd8 Rxd8 25. Rd1 Rxd1 26. Qxd1 Bf8 27. Qd5 Qc7 28. Qd7 Qxd7 29. Nf6+ Kg7 30. Nxd7 Bd6 31. b4 f6 32. Bc4 Kf7 33. Bb5 Ke7 34. Ba4 Nc7 35. Nb8 Nd5 36. Nc6+ Ke6 37. Nxa7 Nxc3 38. Bc6 Bxb4 39. Nc8 Nxa2 40. Nxb6 Nc3 41. Na4 Nd1 42. Kg2 Kd6 43. Be4 Bc5 44. Nxc5 Kxc5 45. h4 Kd4 46. h5 f5 47. hxg6 hxg6 48. Bc6 g5 49. Bd7 Ke5 50. Bc8 Nc3 51. Bd7 Nd5 52. Bc8 Ne7 53. Bd7 Kd6 54. Ba4 Kc5 55. Bc2 Kd4 56. Bb1 g4 57. fxg4 fxg4 58. Bh7 Ke5 59. Bc2 Kf6 60. Bd1 Kg5 61. Be2 Kh4 62. Bd1 Nf5 63. Bc2 Nd4 64. Bd1 f3+ 65. Kh2 Kg5 66. Kg1 Kf4 67. Kf1 Nf5 68. Kg1 Nd6 69. Kf1 Ne4 70. Ba4 Ke5 71. Bd1 Kd4 72. Ba4 Kd3 73. Bd7 Nf6 74. Bf5+ Kd4 75. Bc8 Kd3 76. Bf5+ Kd2 77. Bc8 Kc3 78. Bf5 Kd4 79. Bc8 Ke5 80. Ba6 Kf4 81. Bd3 Nd7 82. Bb5 Ne5 83. Ba6 g3 84. fxg3+ Kxg3 85. Be2 f2 86. Bd1 Nc4 87. Bh5 Ne3+ 88. Ke2 f1Q+ 89. Kxe3 Qf4+ 90. Ke2 Qe5+ 91. Kd3 Qxh5 0-1

[Event "Titled Tuesday intern op 27th Aug Early"]
[Site "Chess.com INT"]
[Date "2024.08.27"]
[Round "11"]
[White "Lee, Jun Hyeok"]
[Black "Mamedov, Edgar"]
[Result "1/2-1/2"]
[WhiteElo "2378"]
[BlackElo "2443"]
[PlyCount "129"]
[EventDate "2024.08.27"]
[EventType "swiss (blitz)"]
[EventRounds "11"]
[EventCountry "USA"]
[SourceTitle "EXT 2025"]
[Source "ChessBase"]
[SourceDate "2024.10.14"]
[SourceVersion "1"]
[SourceVersionDate "2024.10.14"]
[SourceQuality "1"]

1. e4 c5 2. Nf3 e6 3. d4 cxd4 4. Nxd4 Nf6 5. Bd3 Nc6 6. Nxc6 bxc6 7. Bf4 d5 8. Nd2 a5 9. 0-0 Ba6 10. Bxa6 Rxa6 11. Qe2 Ra8 12. e5 Nd7 13. c4 Be7 14. Nf3 0-0 15. Rad1 Qb6 16. h4 Qa6 17. b3 Nb6 18. Nd4 Rfc8 19. Qg4 dxc4 20. Nxe6 fxe6 21. Qxe6+ Kf8 22. Qf5+ Kg8 23. Qe6+ Kh8 24. Qxe7 Nd5 25. Qg5 c3 26. e6 Re8 27. Be5 Ra7 28. h5 c2 29. Rc1 Kg8 30. h6 g6 31. Rxc2 Rae7 32. Ba1 Rxe6 33. Rcc1 a4 34. Qd2 a3 35. Qd4 Nf6 36. g3 Qb7 37. Rfd1 Qf7 38. Qc4 g5 39. Rf1 Ne4 40. Qd4 Nf6 41. b4 Qg6 42. b5 cxb5 43. Rc7 Qxh6 44. Qa7 Qg6 45. Qxa3 h5 46. Qb3 Kf8 47. Qb4+ Kg8 48. Qb3 Kf8 49. Bb2 h4 50. Ba3+ Kg8 51. Re1 Qf5 52. gxh4 Qg4+ 53. Kf1 gxh4 54. Bb2 Kf8 55. Rxe6 Qxe6 56. Qxe6 Rxe6 57. Bxf6 Rxf6 58. Rb7 Ra6 59. Rxb5 Rxa2 60. Rh5 Ra4 61. Kg2 Rf4 62. Kh3 Rxf2 63. Kxh4 Rh2+ 64. Kg5 Rxh5+ 65. Kxh5 1/2-1/2